Score 0/26 Timer 02:00
1 Play Today
Title 'L' Word % Correct
_____ My FireLight
94.6%
Whole _____ LoveLotta
91.3%
You've Lost That ____ Feelin'Lovin'
90.5%
The Silence of the _____Lambs
90.4%
Blurred _____Lines
90%
_____ to FlyLearn
89.8%
50 Ways to _____ Your LoverLeave
84.6%
Dude (_____ Like a Lady)Looks
83.2%
The People vs. _____ FlyntLarry
78.9%
28 Days _____Later
77.2%
Nacho _____Libre
75.2%
So Long, Frank _____ WrightLloyd
74.2%
Dizzy, Miss _____Lizzy
73.9%
Title 'L' Word % Correct
Take It to the _____Limit
70.9%
_____ Number SlevenLucky
70.2%
Every Which Way But _____Loose
68.9%
Changing _____Lanes
54.9%
Tell _____ I Love HerLaura
54%
The _____ of OthersLives
48.3%
_____ of DogtownLords
44.3%
Could You Be _____Loved
43.9%
The Invention of _____Lying
39.7%
_____ For LambsLions
31.6%
Man on a _____Ledge
26.2%
_____ DreamsLucid
20.4%
Joe Dirt 2: Beautiful _____Loser
20.1%

Today's Daily Dose

You're not logged in!

Compare scores with friends on all Sporcle quizzes.
OR
Log In

Sporcle TV

Today on Sporcle TV


Watch our educational content, quiz creation guides, and fun videos on Sporcle TV.

Show Comments

Extras

Top Quizzes Today


Score Distribution

Paid Content

Your Account Isn't Verified!

In order to create a playlist on Sporcle, you need to verify the email address you used during registration. Go to your Sporcle Settings to finish the process.

Report this User

Report this user for behavior that violates our Community Guidelines.

Details: